Un héroe español del progreso (Record no. 34227)

MARC details
000 -LEADER
campo de control de longitud fija 01042nam a2200277 i 4500
001 - NÚMERO DE CONTROL
campo de control 34227
003 - IDENTIFICADOR DE NÚMERO DE CONTROL
campo de control ES-MaACL
005 - FECHA Y HORA DE LA ÚLTIMA TRANSACCIÓN
campo de control 20250918183815.0
007 - CAMPO FIJO DE DESCRIPCIÓN FÍSICA--INFORMACIÓN GENERAL
campo de control de longitud fija t|
008 - DATOS DE LONGITUD FIJA--INFORMACIÓN GENERAL
campo de control de longitud fija 030204s1973 sp ||||1| spa d
020 ## - NÚMERO INTERNACIONAL ESTÁNDAR DEL LIBRO
Número Internacional Estándar del Libro 84-299-0040-3
100 1# - ENTRADA PRINCIPAL--NOMBRE DE PERSONA
Nombre de persona Bogoliubov, Aleksei.
9 (RLIN) 29808
245 13 - MENCIÓN DEL TÍTULO
Título Un héroe español del progreso
Resto del título : Agustín de Betancourt /
Mención de responsabilidad, etc. Aleksei Bogoliubov ; con un prólogo de Julio Caro Baroja ; y un epílogo de José A. García-Diego ; [versión... José Fernández Sánchez].
260 ## - PUBLICACIÓN, DISTRIBUCIÓN, ETC.
Lugar de publicación, distribución, etc. Madrid :
Nombre del editor, distribuidor, etc. Seminarios y Ediciones,
Fecha de publicación, distribución, etc. [1973]
300 ## - DESCRIPCIÓN FÍSICA
Extensión 188 p., 4 lám. ;
Dimensiones 18 cm.
490 1# - MENCIÓN DE SERIE
Mención de serie Hora h ;
Designación de volumen o secuencia 36
504 ## - NOTA DE BIBLIOGRAFÍA, ETC.
Nota de bibliografía, etc. Bibliografía.
600 17 - PUNTO DE ACCESO ADICIONAL DE MATERIA--NOMBRE DE PERSONA
Nombre de persona Betancourt, Agustín de,
Fechas asociadas al nombre 1758-1824
Fuente del encabezamiento o término
9 (RLIN) 152180
700 1# - ENTRADA AGREGADA--NOMBRE PERSONAL
Nombre de persona Caro Baroja, Julio,
Fechas asociadas al nombre 1914-1995
9 (RLIN) 35403
700 1# - ENTRADA AGREGADA--NOMBRE PERSONAL
Nombre de persona García-Diego, José A.
9 (RLIN) 54541
700 1# - ENTRADA AGREGADA--NOMBRE PERSONAL
Nombre de persona Fernández Sánchez, José,
Fechas asociadas al nombre 1925-2011
9 (RLIN) 152297
830 0# - PUNTO DE ACCESO ADICIONAL DE SERIE-TÍTULO UNIFORME
Título uniforme Hora h ;
Designación de volumen o secuencia 36
9 (RLIN) 181966
852 ## - LOCALIZACIÓN
Ubicación ES-MaACL
Número de control de estantería C-52922
Sublocalización o colección R.85974
852 ## - LOCALIZACIÓN
Ubicación ES-MaACL
Número de control de estantería D-5126
Holdings
Estatus retirado Estado de pérdida Estado de daño No para préstamo Biblioteca de origen Biblioteca actual Ubicación en estantería Fecha de adquisición Fuente de adquisición Total de préstamos Signatura topográfica completa Código de barras Visto por última vez Precio de reemplazo Tipo de ítem Koha
        Biblioteca del Ateneo de Madrid Biblioteca del Ateneo de Madrid Sala Valle Inclán 17/01/2008     D-5126 901035691 23/02/2023 23/02/2023 Libro impreso
        Biblioteca del Ateneo de Madrid Biblioteca del Ateneo de Madrid Depósito 2 17/01/2008     C-52922 1035690 23/02/2023 23/02/2023 Libro impreso